| 000 | 00872nam a2200253I 4500 | ||
|---|---|---|---|
| 999 |
_c6119 _d6119 |
||
| 001 | 825805 | ||
| 003 | OSt | ||
| 005 | 20190115190915.0 | ||
| 008 | 740311c19711966xx 000 0 eng d | ||
| 035 | _a4941162 | ||
| 040 |
_aBAN _cBAN _dOSU |
||
| 082 |
_a230.9 _bN595p |
||
| 090 |
_aBX8763 _b.N54 1971 |
||
| 090 | 0 | 0 |
_aBX8763 _b.N54 1971 |
| 100 | 1 | _aNichol, John Thomas | |
| 245 | 1 | 0 | _aPentecostalism |
| 260 |
_aPlainfield, N.J., _bLogos International _c[1971, c1966] |
||
| 300 |
_axv, 264 p. _c21 cm |
||
| 500 | _a"Much of this material was originally submitted to satisfy the doctoral requirements at the Boston University Graduate School." | ||
| 500 | _aCover title: The Pentecostals; the study of the growth and development of a vital new force appearing in the Christian church | ||
| 650 | 0 | _aPentecostal churches | |
| 740 | 4 | 1 | _aThe Pentecostals |
| 942 |
_2ddc _cBK |
||